| 000 | 00983nam a2200205Ia 4500 | ||
|---|---|---|---|
| 999 |
_c40585 _d40585 |
||
| 001 | 7210 | ||
| 003 | GE_BSU | ||
| 005 | 20230216095202.0 | ||
| 008 | 181216s2012||||ge |||||||||||||| ||geo|| | ||
| 040 | _cGE_BSU | ||
| 041 | _ageo | ||
| 080 | _a342.7(479.22)(094.1) ა-26 | ||
| 245 |
_aადამიანის უფლებათა სამართალი : _bცვლილებებითა და დამატებებით 2012 წლის 1 ოქტომბრამდე : საქართველოს კანონებისა და საერთაშორისო აქტების კრებული. |
||
| 264 |
_aთბილისი : _bბონა კაუზა, _c2012. |
||
| 300 |
_a312 გვ.; _b20 სმ. |
||
| 490 | _aიურისტის ბიბლიოთეკა | ||
| 541 | _h12ლ. | ||
| 653 | _aადამიანის უფლებათა სამართალი | ||
| 942 |
_cBK _2udc |
||